Footballers by Picture - Belgium - Statistics

General Stats
  • This quiz has been taken 321 times
  • The average score is 15 of 20
Answer Stats
Picture Answer % Correct
Kevin De Bruyne
100%
Thibaut Courtois
99%
Vincent Kompany
99%
Romelu Lukaku
98%
Eden Hazard
93%
Marouane Fellaini
91%
Axel Witsel
90%
Jan Vertonghen
89%
Dries Mertens
87%
Toby Alderweireld
81%
Jeremy Doku
72%
Mousa Dembélé
71%
Thomas Meunier
71%
Nacer Chadli
66%
Christian Benteke
65%
Thomas Vermaelen
64%
Daniel van Buyten
57%
Kevin Mirallas
42%
Jan Ceulemans
29%
Timmy Simons
29%
No matching quizzes found
Score Distribution
Percent of People with Each Score
Percentile by Number Answered
Your Score History
You have not taken this quiz